Keffi, Nasarawa (Record no. 38668)

MARC details
000 -LEADER
fixed length control field 00510nam a2200157Ia 4500
022 ## - INTERNATIONAL STANDARD SERIAL NUMBER
ISSN P 81. N5 B75/
050 ## - CALL MARK
Classification number The bridge: journal of language, literature & communication studies
245 #0 - TITLE STATEMENT
Title Keffi, Nasarawa
260 ## - PUBLICATION, DISTRIBUTION, ETC. (IMPRINT)
Place of publication Department of English, Nasarawa State University
260 ## - PUBLICATION, DISTRIBUTION, ETC. (IMPRINT)
Name of publisher 2013
260 ## - PUBLICATION, DISTRIBUTION, ETC. (IMPRINT)
Year of publication 250 p. ; 21 cm.
300 ## - PHYSICAL DESCRIPTION
Number of Pages Philology--Nigeria--Periodicals. Communication--Nigeria--Periodicals.
650 ## - SUBJECT ADDED ENTRY--TOPICAL TERM
Topical Term SR

No items available.